000 00670cam a2200217 4500500
005 20260329002008.0
041 _afre
042 _adc
100 1 0 _aBollon, Patrice
_eauthor
245 0 0 _aZygmunt Bauman : “L’amour liquide n’a pas que des agréments”
260 _c2010.
500 _a47
690 _aConsommation
690 _aIndividualisme
690 _aLiquidité
690 _aModernité
690 _aSociologie
690 _aZygmunt Bauman
786 0 _nPhilosophie magazine | 37 | 3 | 2010-03-01 | p. 31-32 | 1951-1787
856 4 1 _uhttps://shs.cairn.info/magazine-philosophie-magazine-2010-3-page-31?lang=fr&redirect-ssocas=7080
999 _c1810626
_d1810626